000 00775cam a22002294i 4500
005 20200104041555.0
008 020308s2002 maua b 001 0 eng
020 _a0878935460 (pbk.)
040 _aDLC
_cDLC
_dCO-BoIAVH
041 _aeng
042 _apcc
044 _axxu
082 0 4 _a577.88
_bM87q
100 1 _aMorris, William F.,
_d1961-
245 1 0 _aQuantitative conservation biology :
_btheory and practice of population viability analysis /
_cWilliam F. Morris, Daniel F. Doak.
260 _aSunderland, Mass. :
_bSinauer Associates,
_cc2002.
300 _axvi, 480 p. :
_bill. ;
_c24 cm.
650 1 4 _aBiología de población
650 2 4 _aConservación biológica
700 1 _aDoak, Daniel F.,
_d1961-,
_eautor.
942 _2ddc
_cLIBRO
999 _c5027
_d5027